| 000 | 01068nam a2200277 i 4500 | ||
|---|---|---|---|
| 001 | 179468 | ||
| 003 | ES-MaACL | ||
| 005 | 20230906220809.0 | ||
| 008 | 111207s1960 ag |||| | spa d | ||
| 080 | _a82-1:1(02)"17" | ||
| 080 | _a82:111.852(02)"17" | ||
| 100 | 1 |
_aBaumgarten, Alexander Gottlieb. _9148695 |
|
| 245 | 1 | 0 |
_aReflexiones filosóficas acerca de la poesía / _cBaumgarten ; traducción del latín, prólogo y notas de José Antonio Míguez. |
| 250 | _a2ª ed. en esta Biblioteca. | ||
| 260 |
_aBuenos Aires : _bAguilar, _c1960. |
||
| 300 |
_a90 p. ; _c16 cm. |
||
| 490 | 1 |
_aBiblioteca de iniciación filosófica ; _v27 |
|
| 595 | _a1ª ed., 1735. | ||
| 650 | 7 |
_aPoesía- _xFilosofía- _vObras anteriores a 1800. _9148697 |
|
| 650 | 7 |
_aEstética literaria- _vObras anteriores a 1800. _9148696 |
|
| 650 |
_aLiteratura- _xFilosofía. _914488 |
||
| 700 | 1 |
_aMíguez, José Antonio. _981053 |
|
| 830 | 0 |
_aBiblioteca de iniciación filosófica ; _v27 _9181447 |
|
| 852 |
_aES-MaACL _j2308-F-2 _z. - Donativo M. A. Velasco |
||
| 999 |
_c179468 _d179468 |
||